Gouge Away - Pixies (All lyrics) - Statistics

General Stats
  • This quiz has been taken 28 times
  • The average score is 80 of 106
Answer Stats
Hint Answer % Correct
A
100%
Away
100%
Can
100%
Chorus Gouge
100%
I
100%
You
100%
If
96%
To
96%
Want
96%
Stay
92%
All
88%
Day
88%
Some
63%
My
58%
The
58%
And
54%
Break
54%
Fingers
54%
Eyes
50%
Got
50%
Holy
50%
Marijuana
50%
Kill
46%
Us
46%
With
46%
Verse 3 Chained
42%
On
42%
Party
42%
Three
42%
Walls
42%
Your
42%
Belly
38%
Pillars
38%
Verse 2 Sleeping
38%
Spoon
38%
Arms
33%
Bad
29%
Charm
29%
Questions
29%
Sacred
29%
Aggravation
25%
Verse 1 Missy
25%
Stroke
25%
Locks
21%
Rubbing
21%
Been
17%
No matching quizzes found
Score Distribution
Percent of People with Each Score
Percentile by Number Answered
Your Score History
You have not taken this quiz